01370nam a2200241 a 450000100060000000300090000600800410001504000280005608200190008410000370010324501560014026000330029630000080032950503900033759001130072765000250084065000300086565000170089565000330091294200120094599900170095795201540097422635CO-ViMGA141112s2004 ck r 000 u spa d aCO-ViMGAbspacCO-ViMGA04a650.0285 G653c1 aGómez Vieites, Álvaro93221710aLas claves de la economía digital : buna reflexión sobre los nuevos retos que deben afrontar las organizaciones en la sociedad de la información aMexico : bAlfaguara, c2003 a248 aInternet un nuevo medio de comunicacíon 1 - 19 - - El nacimiento de un nuevo escenario económico 21 - - La crisis bursátil de los valores tecnológicos 29 - - las caracteristicas de la Economía digital 35 - 92 - - problemas planteados por la Economía digital 95 - - La gestión del conocimiento 137 - 145 - - Caso practico : impacto en el sector de automoción 173 - 224  aForma de adquisición : Compra - - Precio : 40.000 - - Proveedor : Dismet - - Fecha de adquisición : 200814aCOMERCIO ELECTRONICO14aEconomía DIGITAL93221814aINTERNET95114aNEGOCIOS POR INTERNET917310 2ddccBK c30936d30936 00102ddc40708002aMEVIECARbMEVIECARd2015-12-04hVolumen. 1 | 11/jun/2009l0o650.0285 G653c p22635r2015-12-04 00:00:00tEj. 1w2015-12-04yBK